[Event "V Copa Marcel Duchamp 2022"]
[Site "Montevideo"]
[Date "2022.02.19"]
[Round "9.25"]
[White "Moccero, Eduardo"]
[Black "Boabaid, Jorge Alberto Duarde"]
[Result "1-0"]
[WhiteElo "1919"]
[BlackElo "1756"]
[Annotator "ChessBase"]
[PlyCount "63"]
[EventDate "2022.02.12"]
[EventCountry "URU"]
[SourceTitle "playchess.com"]
[Source "ChessBase"]
[SourceQuality "1"]
[TimeControl "5400+30"]

1. d4 {[%emt 0:00:05]} Nf6 {[%emt 0:00:08]} 2. Nf3 {[%emt 0:00:05]} g6 {[%emt 0:00:21]} 3. c4 {[%emt 0:00:08]} Bg7 {[%emt 0:00:06]} 4. Nc3 {[%emt 0:00:05]} d6 {[%emt 0:00:21]} 5. Bf4 {[%emt 0:00:07]} O-O {[%emt 0:00:21]} 6. h3 {[%emt 0:00:07]} Nbd7 {[%emt 0:00:08]} 7. e3 {[%emt 0:00:16]} Re8 {[%emt 0:00:34]} 8. Be2 {[%emt 0:00:21]} b6 {[%emt 0:01:35]} 9. O-O {[%emt 0:00:54]} Bb7 {[%emt 0:00:41]} 10. Qc2 {[%emt 0:02:14]} e5 {[%emt 0:00:54]} 11. dxe5 {[%emt 0:00:30]} dxe5 {[%emt 0:00:09]} 12. Bh2 {[%emt 0:00:11]} Qe7 {[%emt 0:00:46]} 13. Nb5 {[%emt 0:04:38]} Rec8 {[%emt 0:00:15]} 14. Rfd1 {[%emt 0:01:45]} a6 {[%emt 0:00:45]} 15. Nc3 {[%emt 0:01:44]} c6 {[%emt 0:02:56]} 16. a3 {[%emt 0:04:12]} b5 {[%emt 0:01:50]} 17. b3 {[%emt 0:02:59]} Re8 {[%emt 0:03:10]} 18. Ra2 {[%emt 0:04:26]} b4 {[%emt 0:02:52]} 19. axb4 {[%emt 0:03:13]} Qxb4 {[%emt 0:00:17]} 20. Ra4 {[%emt 0:02:44]} Qe7 {[%emt 0:01:58]} 21. Ra2 {[%emt 0:01:17]} h5 {[%emt 0:03:52]} 22. b4 {[%emt 0:02:48]} Rad8 {[%emt 0:07:02]} 23. c5 {[%emt 0:02:07]} Rb8 {[%emt 0:06:33]} 24. Rb1 {[%emt 0:07:10]} Ra8 {[%emt 0:04:45]} 25. Bc4 {[%emt 0:02:07]} Nd5 {[%emt 0:01:39]} 26. Ne4 {[%emt 0:01:06]} Kh8 {[%emt 0:06:29]} 27. Nd6 {[%emt 0:01:13]} Reb8 {[%emt 0:05:06]} 28. e4 {[%emt 0:02:59]} Nxb4 {[%emt 0:07:48]} 29. Rxb4 {[%emt 0:01:21]} Nxc5 {[%emt 0:00:12]} 30. Nxf7+ {[%emt 0:00:38]} Kg8 {[%emt 0:00:53]} 31. N7xe5+ {[%emt 0:01:26]} Ne6 {[%emt 0:00:09]} 32. Nxc6 {[%emt 0:03:02]} 1-0

[Event "V Copa Marcel Duchamp 2022"]
[Site "Montevideo"]
[Date "2022.02.19"]
[Round "9.26"]
[White "Urrestarazu, Diego"]
[Black "Manteiga, Franco"]
[Result "1/2-1/2"]
[WhiteElo "1833"]
[BlackElo "1915"]
[Annotator "NA"]
[PlyCount "79"]
[EventDate "2022.02.12"]
[EventCountry "URU"]
[SourceTitle "playchess.com"]
[Source "ChessBase"]
[SourceQuality "1"]
[TimeControl "5400+30"]

1. c4 {[%emt 0:00:11]} Nf6 {[%emt 0:00:09]} 2. Nc3 {[%emt 0:00:23]} e6 {[%emt 0:00:05]} 3. g3 {[%emt 0:01:42]} d5 {[%emt 0:00:04]} 4. cxd5 {[%emt 0:00:39]} exd5 {[%emt 0:00:07]} 5. d4 {[%emt 0:00:56]} c6 {[%emt 0:01:00]} 6. Bg2 {[%emt 0:00:30]} Bf5 {[%emt 0:01:15]} 7. Nf3 {[%emt 0:01:26]} Nbd7 {[%emt 0:01:45]} 8. a3 {[%emt 0:04:15]} h6 {[%emt 0:05:15]} 9. O-O {[%emt 0:02:36]} Bd6 {[%emt 0:01:01]} 10. Nd2 {[%emt 0:02:33]} O-O {[%emt 0:01:30]} 11. e4 {[%emt 0:01:16]} dxe4 {[%emt 0:00:21]} 12. Ndxe4 {[%emt 0:00:51]} Nb6 {[%emt 0:30:35]} 13. Qf3 {[%emt 0:16:08]} Bxe4 {[%emt 0:03:16]} 14. Nxe4 {[%emt 0:00:41]} Nxe4 {[%emt 0:01:00]} 15. Qxe4 {[%emt 0:00:06]} Qd7 {[%emt 0:01:09]} 16. Qd3 {[%emt 0:10:36]} Be5 {[%emt 0:08:43]} 17. Rd1 {[%emt 0:08:05]} Rfd8 {[%emt 0:02:45]} 18. Be3 {[%emt 0:01:17]} Bf6 {[%emt 0:08:15]} 19. Rac1 {[%emt 0:06:32]} Nd5 {[%emt 0:00:57]} 20. Bxd5 {[%emt 0:03:27]} Qxd5 {[%emt 0:00:41]} 21. Qc4 {[%emt 0:02:05]} Qxc4 {[%emt 0:00:38]} 22. Rxc4 {[%emt 0:00:05]} Rd5 {[%emt 0:00:30]} 23. b4 {[%emt 0:07:32]} a5 {[%emt 0:04:05]} (23... Be7 $15 {is more appropriate.}) 24. Rc5 $15 {[%emt 0:02:43]} axb4 {[%emt 0:04:15]} 25. Rxd5 {[%emt 0:02:08]} cxd5 {[%emt 0:00:04]} 26. axb4 {[%emt 0:00:06]} Ra4 {[%emt 0:00:26]} 27. Rb1 {[%emt 0:00:40]} Be7 {[%emt 0:01:41]} 28. Bd2 {[%emt 0:03:04]} Ra2 {[%emt 0:00:32]} 29. Be3 {[%emt 0:01:34]} Ra4 {[%emt 0:01:41]} 30. Bd2 {[%emt 0:00:07]} Ra2 {[%emt 0:01:14]} 31. Be3 {[%emt 0:00:09]} Rc2 {[%emt 0:00:02]} 32. b5 {[%emt 0:01:28]} Rc4 {[%emt 0:00:15]} 33. Rc1 {[%emt 0:03:40]} Rxc1+ {[%emt 0:01:38]} 34. Bxc1 {[%emt 0:00:04]} Kf8 {[%emt 0:00:08]} 35. Kf1 {[%emt 0:00:17]} Ke8 {[%emt 0:00:06]} 36. Bd2 {[%emt 0:01:24]} Bf6 {[%emt 0:02:34]} 37. Bc3 {[%emt 0:00:39]} Kd7 {[%emt 0:00:49]} 38. Ke2 {[%emt 0:00:59]} Kc7 {[%emt 0:01:19]} 39. Ba5+ {[%emt 0:00:18]} Kd6 {[%emt 0:00:05]} 40. Bb6 1/2-1/2

[Event "V Copa Marcel Duchamp 2022"]
[Site "Montevideo"]
[Date "2022.02.19"]
[Round "9.27"]
[White "Popov, Mark"]
[Black "Escofet, Jaime"]
[Result "0-1"]
[WhiteElo "1758"]
[BlackElo "1981"]
[Annotator "NA"]
[PlyCount "54"]
[EventDate "2022.02.12"]
[EventCountry "URU"]
[SourceTitle "playchess.com"]
[Source "ChessBase"]
[SourceQuality "1"]
[TimeControl "5400+30"]

1. e4 e6 2. b3 d5 3. Bb2 Nf6 4. e5 Nfd7 5. Qh5 g6 6. Qf3 Bg7 7. d4 c5 8. c3 Nc6 9. Bb5 cxd4 10. Bxc6 bxc6 11. cxd4 c5 12. Qf4 Ba6 13. Nf3 Rc8 14. dxc5 Rxc5 15. Ng5 O-O 16. Nd2 Rc2 17. Ba3 Nxe5 18. Qh4 h6 19. Bxf8 hxg5 20. Bxg7 Nd3+ 21. Kd1 Rxd2+ 22. Kxd2 gxh4 23. Bd4 e5 24. Bxa7 Qa5+ 25. Ke3 d4+ 26. Bxd4 exd4+ 27. Kxd4 Qe5# 0-1

[Event "V Copa Marcel Duchamp 2022"]
[Site "Montevideo"]
[Date "2022.02.19"]
[Round "9.29"]
[White "Rodriguez Farias, Eduardo"]
[Black "Elena, Eduardo"]
[Result "1/2-1/2"]
[WhiteElo "1931"]
[BlackElo "1712"]
[Annotator "NA"]
[PlyCount "83"]
[EventDate "2022.02.12"]
[EventCountry "URU"]
[SourceTitle "playchess.com"]
[Source "ChessBase"]
[SourceQuality "1"]
[TimeControl "5400+30"]

1. e4 c5 2. Nf3 Nc6 3. c3 e5 4. Bb5 a6 5. Ba4 b5 6. Bc2 Be7 7. O-O Bf6 8. d4 d6 9. d5 Nce7 10. h3 Ng6 11. a4 Bd7 12. Na3 N8e7 13. Qe2 Qb6 14. axb5 axb5 15. Nc4 bxc4 16. Rxa8+ Nc8 17. Ba4 Bxa4 18. Rxc8+ Bd8 19. Qxc4 Bb3 20. Qe2 O-O 21. Rc6 Qb8 22. Qa6 Bc7 23. Nd2 Bc2 24. Qc4 Nf4 25. b4 Bd3 26. Qa2 Ne2+ 27. Kh1 Nxc3 28. Qb3 cxb4 29. f3 Bxf1 30. Nxf1 f5 31. Qc4 fxe4 32. Rxc7 exf3 33. gxf3 Nb5 34. Re7 Nd4 35. Qc7 Qxc7 36. Rxc7 Rxf3 37. Ne3 Rf2 38. Rd7 Nf3 39. Ng4 Rc2 40. Bh6 gxh6 41. Nf6+ Kf8 42. Nxh7+ 1/2-1/2

[Event "V Copa Marcel Duchamp 2022"]
[Site "Montevideo"]
[Date "2022.02.19"]
[Round "9.30"]
[White "Pinero, Ismael"]
[Black "Parma, Pamela"]
[Result "1-0"]
[WhiteElo "1906"]
[BlackElo "1761"]
[Annotator "ChessBase"]
[PlyCount "109"]
[EventDate "2022.02.12"]
[EventCountry "URU"]
[SourceTitle "playchess.com"]
[Source "ChessBase"]
[SourceQuality "1"]
[TimeControl "5400+30"]

1. e4 c5 {[%emt 0:15:50]} 2. Nf3 {[%emt 0:00:36]} d6 {[%emt 0:00:22]} 3. d4 {[%emt 0:00:30]} cxd4 {[%emt 0:00:13]} 4. Nxd4 {[%emt 0:00:02]} Nf6 {[%emt 0:00:07]} 5. Nc3 {[%emt 0:00:03]} g6 {[%emt 0:00:22]} 6. Be3 {[%emt 0:00:09]} Bg7 {[%emt 0:00:12]} 7. f3 {[%emt 0:00:05]} O-O {[%emt 0:00:28]} 8. Qd2 {[%emt 0:00:01]} Nc6 {[%emt 0:00:36]} 9. O-O-O {[%emt 0:00:26]} Nxd4 {[%emt 0:01:12]} 10. Bxd4 {[%emt 0:00:05]} Be6 {[%emt 0:00:12]} 11. Kb1 {[%emt 0:00:14]} Qc7 {[%emt 0:00:26]} 12. g4 {[%emt 0:00:36]} Rfc8 {[%emt 0:02:14]} 13. h4 {[%emt 0:01:43]} Qa5 {[%emt 0:00:47]} 14. Nd5 {[%emt 0:06:24]} Qxd2 {[%emt 0:01:39]} 15. Nxf6+ {[%emt 0:00:26]} Bxf6 {[%emt 0:00:53]} 16. Rxd2 {[%emt 0:00:02]} Bxd4 {[%emt 0:05:13]} 17. Rxd4 {[%emt 0:00:02]} Kg7 {[%emt 0:00:06]} 18. g5 {[%emt 0:03:37]} Rc5 {[%emt 0:06:16]} 19. b3 {[%emt 0:05:17]} Rac8 {[%emt 0:08:21]} 20. Bd3 {[%emt 0:00:19]} b5 {[%emt 0:02:49]} 21. a4 {[%emt 0:06:40]} bxa4 {[%emt 0:03:02]} 22. Rxa4 {[%emt 0:01:58]} a5 {[%emt 0:00:31]} 23. Kb2 {[%emt 0:04:21]} Bd7 {[%emt 0:10:59]} 24. Rc4 {[%emt 0:01:09]} d5 {[%emt 0:02:39]} 25. exd5 {[%emt 0:06:49]} Rxd5 {[%emt 0:00:11]} 26. Kc3 {[%emt 0:00:15]} e5 {[%emt 0:02:23]} 27. Re1 {[%emt 0:02:48]} f6 {[%emt 0:02:56]} 28. gxf6+ {[%emt 0:00:45]} Kxf6 {[%emt 0:00:00]} 29. Ree4 {[%emt 0:05:41]} Rdc5 {[%emt 0:03:57]} 30. f4 {[%emt 0:01:05]} Bf5 {[%emt 0:15:52]} 31. fxe5+ {[%emt 0:00:16]} Rxe5 {[%emt 0:00:06]} 32. Rf4 {[%emt 0:06:38]} Rcc5 {[%emt 0:01:37]} 33. Rxc5 {[%emt 0:04:15]} Rxc5+ {[%emt 0:00:01]} 34. Kd4 {[%emt 0:00:18]} Re5 {[%emt 0:00:13]} 35. Bxf5 {[%emt 0:07:18]} Rxf5 {[%emt 0:02:39]} 36. Rxf5+ {[%emt 0:00:30]} Kxf5 {[%emt 0:05:36]} 37. c4 {[%emt 0:00:04]} Ke6 {[%emt 0:00:15]} 38. Kc5 {[%emt 0:02:11]} h6 {[%emt 0:01:05]} 39. Kc6 {[%emt 0:04:41]} g5 {[%emt 0:01:07]} 40. hxg5 hxg5 41. c5 {[%emt 0:01:19]} g4 {[%emt 0:02:35]} 42. Kb7 {[%emt 0:00:03]} g3 {[%emt 0:02:03]} 43. c6 {[%emt 0:00:12]} g2 {[%emt 0:02:45]} 44. c7 {[%emt 0:00:08]} g1=Q {[%emt 0:00:35]} 45. c8=Q+ {[%emt 0:00:06]} Kd5 {[%emt 0:00:17]} 46. Qc6+ {[%emt 0:00:58]} Ke5 {[%emt 0:00:04]} 47. Qb5+ {[%emt 0:02:11]} Kd6 {[%emt 0:00:49]} 48. Qb6+ {[%emt 0:00:36]} Qxb6+ {[%emt 0:00:24]} 49. Kxb6 {[%emt 0:00:14]} Kd5 {[%emt 0:00:43]} 50. Kxa5 {[%emt 0:00:47]} Kc5 {[%emt 0:00:01]} 51. b4+ {[%emt 0:00:26]} Kc6 {[%emt 0:00:03]} 52. Ka6 {[%emt 0:00:27]} Kc7 {[%emt 0:00:04]} 53. b5 {[%emt 0:00:50]} Kb8 {[%emt 0:00:28]} 54. Kb6 {[%emt 0:00:39]} Ka8 {[%emt 0:00:05]} 55. Kc7 {[%emt 0:00:14]} 1-0

[Event "V Copa Marcel Duchamp 2022"]
[Site "Montevideo"]
[Date "2022.02.19"]
[Round "9.31"]
[White "Palacio, Enzo"]
[Black "Perez Selios, Luis"]
[Result "1-0"]
[WhiteElo "1896"]
[BlackElo "1429"]
[Annotator "NA"]
[PlyCount "133"]
[EventDate "2022.02.12"]
[EventCountry "URU"]
[SourceTitle "playchess.com"]
[Source "ChessBase"]
[SourceQuality "1"]
[TimeControl "5400+30"]

1. e4 {[%emt 0:00:02]} c5 {[%emt 0:00:14]} 2. Nf3 {[%emt 0:00:02]} e6 {[%emt 0:00:15]} 3. d4 {[%emt 0:00:02]} cxd4 {[%emt 0:00:07]} 4. Nxd4 {[%emt 0:00:03]} a6 {[%emt 0:00:06]} 5. Bd3 {[%emt 0:00:02]} Nc6 {[%emt 0:00:31]} 6. Be3 {[%emt 0:02:14]} Qc7 {[%emt 0:01:45]} 7. Qe2 {[%emt 0:01:28]} Nf6 {[%emt 0:00:52]} 8. O-O {[%emt 0:00:16]} Bc5 {[%emt 0:00:37]} 9. Nxe6 {[%emt 0:01:34]} dxe6 {[%emt 0:00:21]} 10. Bxc5 {[%emt 0:00:07]} Ne5 11. Bd4 Nxd3 {[%emt 0:03:37]} 12. Qxd3 {[%emt 0:01:55]} e5 {[%emt 0:00:11]} 13. Be3 {[%emt 0:01:38]} Be6 {[%emt 0:01:21]} 14. Nd2 {[%emt 0:03:27]} O-O {[%emt 0:01:25]} 15. c4 {[%emt 0:06:47]} Rfd8 {[%emt 0:04:26]} 16. Qc2 {[%emt 0:01:48]} Ng4 {[%emt 0:01:31]} 17. Rfe1 {[%emt 0:05:53]} Nxe3 {[%emt 0:00:31]} 18. Rxe3 {[%emt 0:00:02]} Rd4 {[%emt 0:00:45]} 19. b3 {[%emt 0:05:37]} Rad8 {[%emt 0:03:23]} 20. Nf3 {[%emt 0:03:04]} R4d7 {[%emt 0:00:35]} 21. h3 {[%emt 0:04:11]} b5 {[%emt 0:04:15]} 22. Rc1 {[%emt 0:00:44]} bxc4 23. bxc4 {[%emt 0:01:10]} Qc5 {[%emt 0:02:14]} 24. Qa4 {[%emt 0:06:22]} Rd6 {[%emt 0:01:39]} 25. a3 {[%emt 0:01:51]} f6 {[%emt 0:01:08]} 26. Qb4 {[%emt 0:02:30]} Qxb4 {[%emt 0:00:33]} 27. axb4 {[%emt 0:00:04]} Rd1+ {[%emt 0:00:05]} 28. Re1 {[%emt 0:00:49]} Rxe1+ {[%emt 0:00:20]} 29. Nxe1 {[%emt 0:00:08]} Rd4 {[%emt 0:00:20]} 30. c5 {[%emt 0:04:31]} (30. b5 $11 axb5 31. cxb5) 30... Rxb4 {[%emt 0:02:13]} 31. f3 {[%emt 0:01:08]} Rb8 {[%emt 0:00:13]} 32. Nd3 {[%emt 0:01:50]} a5 {[%emt 0:02:44]} 33. c6 {[%emt 0:04:28]} Kf8 {[%emt 0:00:30]} 34. Nc5 {[%emt 0:05:43]} Bc8 {[%emt 0:00:13]} 35. Nb7 {[%emt 0:08:07]} Bxb7 {[%emt 0:00:37]} 36. Rb1 {[%emt 0:00:58] Pin} Rc8 {[%emt 0:01:22]} 37. cxb7 {[%emt 0:00:04]} Rb8 {[%emt 0:00:05]} 38. Kf2 {[%emt 0:00:34]} Ke7 {[%emt 0:00:09]} 39. Kg3 {[%emt 0:04:07]} Kd6 {[%emt 0:00:18]} 40. Rb5 {[%emt 0:00:50]} a4 {[%emt 0:00:39]} 41. Rb6+ {[%emt 0:00:23]} Kc5 {[%emt 0:00:41]} 42. Rb1 {[%emt 0:02:36]} a3 {[%emt 0:00:10]} 43. Rb3 {[%emt 0:03:43]} a2 {[%emt 0:03:52]} 44. Ra3 {[%emt 0:00:01]} Rxb7 {[%emt 0:00:05]} 45. Rxa2 {[%emt 0:00:03]} Kd4 {[%emt 0:00:18]} 46. Ra8 {[%emt 0:00:18]} Ke3 {[%emt 0:00:13]} 47. h4 {[%emt 0:00:40]} h6 {[%emt 0:00:15]} 48. h5 {[%emt 0:00:20]} Rc7 {[%emt 0:00:14]} 49. Kg4 {[%emt 0:02:20]} Rc2 {[%emt 0:02:24]} 50. g3 {[%emt 0:00:53]} Rc4 $2 {[%emt 0:00:46]} (50... Rc3 $11) 51. Ra7 $18 {[%emt 0:02:11]} f5+ {[%emt 0:00:24]} 52. Kxf5 {[%emt 0:00:06]} Kxf3 {[%emt 0:00:14]} 53. Ra3+ {[%emt 0:00:03]} Kg2 {[%emt 0:00:46]} 54. g4 {[%emt 0:00:34]} Rc8 {[%emt 0:03:45]} 55. Kxe5 {[%emt 0:00:18]} Re8+ {[%emt 0:00:00]} 56. Kf5 {[%emt 0:04:10]} Rf8+ {[%emt 0:00:06]} 57. Kg6 {[%emt 0:10:26]} Re8 58. Ra7 Kh3 {[%emt 0:02:00]} 59. Rxg7 {[%emt 0:00:37]} Rxe4 {[%emt 0:00:11]} 60. Kxh6 {[%emt 0:00:19]} Kh4 {[%emt 0:00:47]} 61. Kh7 {[%emt 0:01:04]} Re8 {[%emt 0:02:40]} 62. h6 {[%emt 0:00:07]} Ra8 {[%emt 0:00:40]} 63. Rg8 {[%emt 0:01:29]} Ra7+ {[%emt 0:00:20]} 64. Kh8 {[%emt 0:00:07]} Rb7 {[%emt 0:00:39]} 65. h7 {[%emt 0:00:05]} Ra7 {[%emt 0:00:34]} 66. Rg6 {[%emt 0:00:09]} Ra8+ {[%emt 0:00:15]} 67. Kg7 {[%emt 0:00:19]} 1-0

[Event "V Copa Marcel Duchamp 2022"]
[Site "Montevideo"]
[Date "2022.02.19"]
[Round "9.32"]
[White "Quevedo, Andreina"]
[Black "Amaral, Francisco"]
[Result "1/2-1/2"]
[WhiteElo "1867"]
[BlackElo "1672"]
[Annotator "NA"]
[PlyCount "51"]
[EventDate "2022.02.12"]
[EventCountry "URU"]
[SourceTitle "playchess.com"]
[Source "ChessBase"]
[SourceQuality "1"]
[TimeControl "5400+30"]

1. e4 {[%emt 0:00:37]} c5 {[%emt 0:00:20]} 2. Nf3 {[%emt 0:00:16]} e6 {[%emt 0:00:27]} 3. d4 {[%emt 0:01:03]} cxd4 {[%emt 0:00:08]} 4. Nxd4 {[%emt 0:00:04]} a6 {[%emt 0:00:06]} 5. c4 {[%emt 0:01:01]} Nf6 {[%emt 0:00:17]} 6. Nc3 {[%emt 0:00:09]} Bb4 {[%emt 0:00:17]} 7. Nc2 {[%emt 0:03:35]} Bxc3+ {[%emt 0:03:42]} 8. bxc3 {[%emt 0:00:05]} Nxe4 {[%emt 0:09:13]} 9. Qg4 {[%emt 0:01:28]} f5 {[%emt 0:01:38]} 10. Qxg7 {[%emt 0:00:53]} Qf6 {[%emt 0:00:13]} 11. Qxf6 {[%emt 0:03:08]} Nxf6 {[%emt 0:00:17]} 12. Ba3 {[%emt 0:07:19]} Nc6 {[%emt 0:01:00]} 13. Rb1 {[%emt 0:02:30]} d5 {[%emt 0:08:31]} 14. cxd5 {[%emt 0:08:03]} Nxd5 {[%emt 0:00:09]} 15. c4 {[%emt 0:02:30]} Nf6 {[%emt 0:00:45]} 16. Be2 {[%emt 0:06:19]} Kf7 {[%emt 0:01:31]} 17. O-O {[%emt 0:03:09]} Rd8 $16 {[%emt 0:07:46]} 18. Rfd1 {[%emt 0:04:26]} Rxd1+ {[%emt 0:04:10]} 19. Rxd1 {[%emt 0:01:35]} e5 {[%emt 0:14:24]} 20. Bb2 {[%emt 0:18:16]} Be6 {[%emt 0:08:15]} 21. Ne3 {[%emt 0:04:25]} e4 {[%emt 0:09:03]} 22. a3 {[%emt 0:17:31]} Rd8 {[%emt 0:01:49]} 23. Rxd8 {[%emt 0:00:04]} Nxd8 {[%emt 0:00:05]} 24. Kf1 {[%emt 0:04:35]} Nc6 {[%emt 0:01:03]} 25. g3 {[%emt 0:01:01]} Ng4 {[%emt 0:05:04]} 26. f4 {[%emt 0:01:46]} 1/2-1/2

[Event "V Copa Marcel Duchamp 2022"]
[Site "Montevideo"]
[Date "2022.02.19"]
[Round "9.33"]
[White "Barreto Filho, Carlos Alberto"]
[Black "Pena Canapa, Alfredo"]
[Result "0-1"]
[WhiteElo "2293"]
[BlackElo "1841"]
[Annotator "NA"]
[PlyCount "70"]
[EventDate "2022.02.12"]
[EventCountry "URU"]
[SourceTitle "playchess.com"]
[Source "ChessBase"]
[SourceQuality "1"]
[TimeControl "5400+30"]

1. e4 {[%emt 0:00:08]} d5 {[%emt 0:00:08]} 2. Nc3 {[%emt 0:00:07]} dxe4 {[%emt 0:00:26]} 3. Nxe4 {[%emt 0:00:11]} Nd7 {[%emt 0:00:29]} 4. Nf3 {[%emt 0:00:19]} Ngf6 {[%emt 0:00:07]} 5. Ng3 {[%emt 0:02:34]} e6 {[%emt 0:00:55]} 6. Be2 {[%emt 0:01:49]} b6 {[%emt 0:02:09]} 7. b3 {[%emt 0:01:02]} Bb7 {[%emt 0:01:44]} 8. Bb2 Bd6 9. O-O {[%emt 0:02:01]} O-O {[%emt 0:00:39]} 10. Re1 {[%emt 0:00:40]} c5 {[%emt 0:04:21]} 11. Bf1 {[%emt 0:11:01]} Rc8 12. Ne5 {[%emt 0:00:31]} Nxe5 {[%emt 0:04:50]} 13. Bxe5 Bxe5 {[%emt 0:00:14]} 14. Rxe5 {[%emt 0:00:39]} Qd4 {[%emt 0:01:58]} 15. Re2 {[%emt 0:04:18]} Rfd8 16. c3 {[%emt 0:03:44]} Qd5 {[%emt 0:03:41]} 17. Qe1 {[%emt 0:02:53]} Qc6 {[%emt 0:08:12]} 18. d3 {[%emt 0:02:04]} Rxd3 {[%emt 0:04:07]} 19. Rd1 {[%emt 0:03:05]} Rxd1 {[%emt 0:01:16]} 20. Qxd1 {[%emt 0:00:08]} h6 {[%emt 0:01:11]} 21. Rd2 Qc7 {[%emt 0:04:22]} 22. Bd3 {[%emt 0:03:25]} g6 {[%emt 0:03:15]} 23. Bc2 {[%emt 0:02:07]} Qc6 {[%emt 0:01:21]} 24. f3 {[%emt 0:00:41]} Kg7 {[%emt 0:02:18]} 25. Ne4 Nd5 {[%emt 0:06:28]} 26. Qe1 {[%emt 0:04:49]} f5 27. c4 {[%emt 0:05:07]} fxe4 {[%emt 0:02:31]} 28. Bxe4 {[%emt 0:00:34]} Qd6 {[%emt 0:02:00]} 29. Qa1+ {[%emt 0:00:52]} Kf7 30. Qb1 {[%emt 0:03:08]} Rg8 {[%emt 0:01:46]} 31. Qd3 {[%emt 0:01:02]} Qe5 {[%emt 0:07:24]} 32. cxd5 {[%emt 0:00:19]} exd5 {[%emt 0:00:00]} 33. Bxd5+ {[%emt 0:00:37]} Bxd5 34. Qxd5+ {[%emt 0:00:26]} Qxd5 {[%emt 0:00:16]} 35. Rxd5 {[%emt 0:00:08]} Ke6 {[%emt 0:01:12]} 0-1

[Event "V Copa Marcel Duchamp 2022"]
[Site "Montevideo"]
[Date "2022.02.19"]
[Round "9.34"]
[White "Visillac, Alejandro"]
[Black "Balseca Moreno, Diego"]
[Result "1/2-1/2"]
[WhiteElo "1814"]
[BlackElo "2269"]
[Annotator "ChessBase"]
[PlyCount "132"]
[EventDate "2022.02.12"]
[EventCountry "URU"]
[SourceTitle "playchess.com"]
[Source "ChessBase"]
[SourceQuality "1"]
[TimeControl "5400+30"]

1. e4 {[%emt 0:00:08]} d6 {[%emt 0:02:51]} 2. Nf3 {[%emt 0:00:13]} Nf6 {[%emt 0:00:05]} 3. d3 {[%emt 0:00:06]} e5 {[%emt 0:02:09]} 4. Nc3 Bg4 {[%emt 0:03:26]} 5. Be2 {[%emt 0:02:11]} Be7 {[%emt 0:00:28]} 6. Bg5 {[%emt 0:02:01]} c6 {[%emt 0:05:47]} 7. h3 {[%emt 0:01:24]} Bh5 {[%emt 0:02:36]} 8. Nh2 {[%emt 0:07:29]} Bxe2 {[%emt 0:00:58]} 9. Nxe2 {[%emt 0:01:37]} d5 {[%emt 0:01:37]} 10. Nc3 {[%emt 0:03:14]} Qb6 {[%emt 0:10:09]} 11. Qc1 {[%emt 0:02:05]} Qa5 {[%emt 0:17:59]} 12. O-O {[%emt 0:02:11]} O-O {[%emt 0:01:09]} 13. a3 {[%emt 0:05:55]} Nbd7 {[%emt 0:01:42]} 14. Ne2 {[%emt 0:04:50]} Rfe8 {[%emt 0:01:56]} 15. Ng3 {[%emt 0:00:52]} Nf8 {[%emt 0:13:11]} 16. Nf5 {[%emt 0:02:59]} Qd8 {[%emt 0:01:02]} 17. Ng4 {[%emt 0:05:31]} Ng6 {[%emt 0:02:52]} 18. Nxe7+ {[%emt 0:00:29]} Qxe7 {[%emt 0:00:01]} 19. f4 {[%emt 0:05:17]} Qc5+ {[%emt 0:01:42]} 20. Kh1 {[%emt 0:01:25]} Nxg4 {[%emt 0:00:05]} 21. hxg4 {[%emt 0:00:13]} exf4 {[%emt 0:00:18]} 22. Bxf4 {[%emt 0:00:54]} dxe4 {[%emt 0:00:11]} 23. Be3 {[%emt 0:01:37]} Qe5 {[%emt 0:00:51]} 24. Bf4 {[%emt 0:03:36]} Nxf4 {[%emt 0:00:11]} 25. Rxf4 {[%emt 0:01:14]} exd3 {[%emt 0:00:27]} 26. cxd3 {[%emt 0:00:08]} Qe2 {[%emt 0:03:40]} 27. Qc4 {[%emt 0:00:28]} Re6 {[%emt 0:00:02]} 28. Raf1 {[%emt 0:01:27]} Rf8 {[%emt 0:00:46]} 29. R4f3 {[%emt 0:01:47]} Re7 {[%emt 0:02:53]} 30. Qc5 {[%emt 0:07:49]} h6 {[%emt 0:02:30]} 31. R1f2 {[%emt 0:00:46]} Qe1+ {[%emt 0:00:07]} 32. Rf1 {[%emt 0:00:15]} Qe5 {[%emt 0:00:13]} 33. Qb4 {[%emt 0:02:23]} c5 {[%emt 0:00:28]} 34. Qb5 {[%emt 0:01:05]} g6 {[%emt 0:00:29]} 35. Qa5 {[%emt 0:01:01]} b6 {[%emt 0:00:10]} 36. Qd2 {[%emt 0:00:07]} Kg7 {[%emt 0:00:38]} 37. Rf6 {[%emt 0:00:42]} Re6 {[%emt 0:04:50]} 38. R6f4 {[%emt 0:00:10]} f6 {[%emt 0:02:05]} 39. Re4 {[%emt 0:00:19]} Qd6 {[%emt 0:00:03]} 40. Ref4 {[%emt 0:00:36]} Rfe8 {[%emt 0:01:54]} 41. R4f3 {[%emt 0:04:01]} Qe5 {[%emt 0:02:42]} 42. Kg1 {[%emt 0:03:09]} Qd4+ {[%emt 0:00:24]} 43. Qf2 {[%emt 0:01:02]} Qxf2+ {[%emt 0:00:18]} 44. R1xf2 {[%emt 0:00:02]} Re1+ {[%emt 0:00:35]} 45. Kh2 {[%emt 0:00:10]} R8e6 {[%emt 0:00:07]} 46. Kg3 {[%emt 0:00:14]} R1e2 {[%emt 0:00:23]} 47. Rxf6 {[%emt 0:00:32]} R6e3+ {[%emt 0:01:22]} 48. R6f3 {[%emt 0:00:22]} Rxf3+ {[%emt 0:01:30]} 49. gxf3 {[%emt 0:00:20]} Rxf2 {[%emt 0:00:14]} 50. Kxf2 {[%emt 0:00:11]} Kf6 {[%emt 0:00:05]} 51. f4 {[%emt 0:01:14]} h5 {[%emt 0:00:07]} 52. Kg3 {[%emt 0:00:27]} hxg4 {[%emt 0:01:12]} 53. Kxg4 {[%emt 0:00:19]} a6 {[%emt 0:02:18]} 54. a4 {[%emt 0:05:38]} b5 {[%emt 0:08:56]} 55. b3 {[%emt 0:00:31]} bxa4 {[%emt 0:00:15]} 56. bxa4 {[%emt 0:00:07]} a5 {[%emt 0:00:05]} 57. Kg3 {[%emt 0:00:29]} Ke6 {[%emt 0:00:27]} 58. Kg4 {[%emt 0:00:23]} Kf6 {[%emt 0:01:20]} 59. Kg3 {[%emt 0:00:07]} Ke6 {[%emt 0:01:15]} 60. Kg4 {[%emt 0:01:27]} Kf6 {[%emt 0:00:18]} 61. Kf3 Kf5 62. Ke3 Kf6 63. Kf3 Kf5 64. Kg3 Ke6 65. Kf3 Kf5 66. Kg3 g5 1/2-1/2